Hidrólisis térmica del bagazo de la caña de azúcar para la producción de etanol vía fermentación
Guardado en:
| Hovedforfatter: | |
|---|---|
| Andre forfattere: | |
| Format: | Bog |
| Udgivet: |
San José, Costa Rica
2005
|
| Fag: | |
| Tags: |
Tilføj Tag
Ingen Tags, Vær først til at tagge denne postø!
|
MARC
| LEADER | 00000nam a2200000Ia 4500 | ||
|---|---|---|---|
| 003 | 009523 | ||
| 005 | 20231123085444.0 | ||
| 008 | 140114s2005 cr a m 000 ||s d | ||
| 040 | |c cru CEDI | ||
| 090 | |a TFG 5064 | ||
| 100 | |a Herrera Montoya, Marjorie, 1973- |9 1851 | ||
| 245 | |a Hidrólisis térmica del bagazo de la caña de azúcar para la producción de etanol vía fermentación | ||
| 260 | |a San José, Costa Rica |c 2005 | ||
| 300 | |a xii, 88 hojas : ilustraciones color | ||
| 500 | |a Proyecto de graduación (licenciatura en ingeniería química)--Universidad de Costa Rica. Facultad de Ingeniería. Escuela de Ingeniería Química | ||
| 501 | |a Director de Proyecto de Graduación: Ing. Manuel Molina Córdoba | ||
| 650 | |x HIDROLISIS |x BAGAZO DE CAÑA |x ALCOHOL |x PRODUCCION |x CAÑA DE AZUCAR |x FERMENTACION |9 6023 | ||
| 700 | |a Molina Córdoba, Manuel Enrique, 1948- |d Director del TFG |9 559 | ||
| 942 | |c TFG |h TFG 5064 |i 009523 |6 TFG_5064_009523000000000 | ||
| 999 | |c 17359 |d 17359 | ||
